000 00611nam a2200229Ia 4500
003 OSt
005 20230504114129.0
008 210423s2009 xx 000 0 und d
020 _a9780070151444
040 _cAL
041 _aeng
082 _a621.382 TEML
_223
100 _aTEMES (Lloyd);others.
_997604
245 _aTheory and problems of electronic communication.
250 _a2
260 _aNew Delhi
_bTata McGraw-hill
_c2009
300 _axv,8.22
_bPB
365 _b320
_cINR
650 _aElectronics
_997605
906 _acommunication. ; electronic ; problems ; Theory
942 _2ddc
_cBK
999 _c162016
_d162016